| 000 | 00425nam a2200181Ia 4500 | ||
|---|---|---|---|
| 008 | 210210b1910 xxu||||| |||| 00| 0 eng d | ||
| 041 | _aeng | ||
| 082 | _a534/114 | ||
| 100 | _aTHOMPSON (Silvanus P) | ||
| 245 | _aLight visible and invisible | ||
| 260 |
_aLondon _bMacmillan & Co. Ltd. _c1910 |
||
| 300 | _a382 | ||
| 650 | _avisible | ||
| 650 | _aLight | ||
| 650 | _ainvisible | ||
| 690 | _aPhysics | ||
| 906 | _a008602 | ||
| 999 |
_c126564 _d126564 |
||